000 00373nam a2200133Ia 4500
008 100328s9999 xx 000 0 und d
082 _b36353
100 _aसोनार वा.रा.
245 _aहसरे झुंबर
260 _bचेतश्री
630 _aहसरे झुंबर
730 _aहसरे झुंबर
942 _cBOOK
999 _c526041
_d526038